paroles de chansons de kpop - Statistiques

Statistiques générales
  • Ce quiz a été pris 2 256 fois
  • Le résultat moyen est 8 sur 14
Statistiques - réponses
Paroles Chanson % Correct
Everyone silent, listen to my money talk MONEY - LISA
88%
Cookin' like a chef I'm a 5 star Michellin God's Menu - Stray Kids
85%
I don't wanna be somebodyJust wanna be me, be me (I wanna be me, me, me) WANNABE - ITZY
83%
one, two, three, four, five, six, sevenYou make me feel like 11 ELEVEN - IVE
76%
Lights, camera, actionI see you lookin' at my P-I-C ZOOM - Jessi
73%
A rock star, a pop star, but rowdierSay bye to paparazzi, get my good side, I'll smile for ya Shut Down - BLACKPINK
68%
Run, bulletproof, run, yeah, you gotta run Run BTS - BTS
67%
We can break it, babyRock it, twist it, lock it, baby All I know is you can't chain me Cause I'm gonne break out, gonna, gonna break out ANTIFRAGILE - LE SSERAFIM
53%
Tell me, do I get blessed, or do I get cursed? I just want to know Blessed-Cursed - ENHYPEN
53%
Please use me like a drug (I know I love you) 0X1=LOVESONG (I Know I Love You) - TOMORROW X TOGETHER
46%
I'm so curious, 'bout you, boy, wanna keep it coolBut I know every time you move, got me frozen I get so shy, it's obvious The Feels - TWICE
45%
Running vroom, vroom, vroom, like a supersonic WA DA DA - Kep1er
39%
Never let you down, be with me Let me be your superhero O.O - NMIXX
25%
I just want you call my phone right nowI just wanna hear "you're mine" Hype Boy - New Jeans
22%
Aucun quiz correspondant
Distribution des résultats
% des personnes avec chaque résultat
Percentile par nombre de réponses
Votre historique - résultats
Vous n’avez pas pris ce quiz